000 00558nam a2200181Ia 4500
008 090124s9999 xx 000 0 und d
082 _b41668
100 _aमहाजन भास्कर
245 _a अनाकलनीय
250 _a1
260 _b"शांती पब्लिकेशन्स, पुणे"
_c2002
300 _a199
600 _aमहाजन भास्कर
630 _a अनाकलनीय
700 _aमहाजन भास्कर
730 _a अनाकलनीय
942 _cBOOK
999 _c107844
_d107844